[Event "Titled Tue 3rd Jun Early"]
[Site "chess.com INT"]
[Date "2025.06.03"]
[Round "3"]
[White "Levitan, Judah Nathan"]
[Black "Baules Rodriguez, Jorge Luis"]
[Result "0-1"]
[WhiteTitle "CM"]
[BlackTitle "IM"]
[WhiteElo "2127"]
[BlackElo "2257"]
[WhiteFideId "14332639"]
[BlackFideId "6600247"]
[EventDate "2025.06.03"]

1. e4 c5 2. Nf3 d6 3. d4 cxd4 4. Nxd4 Nf6 5. Nc3 g6 6. Be3 Bg7 7. f3 O-O 8. Qd2
Nc6 9. O-O-O d5 10. exd5 Nxd5 11. Nxc6 bxc6 12. Bd4 e5 13. Bc5 Be6 14. Ne4 Re8
15. h4 h5 16. g4 Nf4 17. Qc3 Bd5 18. Kb1 hxg4 19. h5 gxh5 20. fxg4 Bxe4 21. Rxd8
Raxd8 22. Bc4 Bxh1 23. a3 hxg4 24. Qb3 Bd5 25. Bxd5 Rxd5 26. Qb5 cxb5 0-1

[Event "Titled Tue 3rd Jun Early"]
[Site "chess.com INT"]
[Date "2025.06.03"]
[Round "3"]
[White "La Villa Rivas, Marlon Javier"]
[Black "Laddha, Shubh Jayesh"]
[Result "0-1"]
[WhiteTitle "FM"]
[BlackTitle "FM"]
[WhiteElo "2284"]
[BlackElo "2303"]
[WhiteFideId "3519546"]
[BlackFideId "30942799"]
[EventDate "2025.06.03"]

1. e4 c5 2. Nf3 d6 3. d4 cxd4 4. Nxd4 Nf6 5. Nc3 g6 6. Be3 Bg7 7. f3 Nc6 8. Qd2
O-O 9. Bc4 Bd7 10. h4 Rc8 11. Bb3 h5 12. O-O-O Nxd4 13. Bxd4 b5 14. g4 a5 15.
gxh5 a4 16. Bxf7+ Rxf7 17. hxg6 Rf8 18. h5 b4 19. Nd5 Nxd5 20. Bxg7 b3 21. Bxf8
Rxc2+ 22. Qxc2 bxc2 23. Kxc2 Ne3+ 24. Kd2 Nxd1 25. h6 Qxf8 26. g7 Qf4+ 27. Kxd1
Qxf3+ 28. Kd2 Qxh1 0-1

[Event "Titled Tue 3rd Jun Early"]
[Site "chess.com INT"]
[Date "2025.06.03"]
[Round "3"]
[White "Gelman, Alexander"]
[Black "Lau, Lut Yin Luke"]
[Result "1-0"]
[WhiteTitle "IM"]
[BlackTitle "CM"]
[WhiteElo "2403"]
[BlackElo "2243"]
[WhiteFideId "4118316"]
[BlackFideId "6002226"]
[EventDate "2025.06.03"]

1. d4 g6 2. Nc3 Bg7 3. e4 d5 4. f3 dxe4 5. Be3 Nf6 6. Qd2 O-O 7. O-O-O Nd5 8.
Nxd5 Qxd5 9. c4 Qe6 10. fxe4 Qxe4 11. Bd3 Qc6 12. Kb1 Bf5 13. Bxf5 gxf5 14. Nf3
Qxc4 15. Bh6 Nc6 16. Qg5 1-0

[Event "Titled Tue 3rd Jun Early"]
[Site "chess.com INT"]
[Date "2025.06.03"]
[Round "3"]
[White "Gholami Orimi, Mahdi"]
[Black "Zenin, Dmitry"]
[Result "1-0"]
[WhiteTitle "GM"]
[BlackTitle "FM"]
[WhiteElo "2511"]
[BlackElo "2115"]
[WhiteFideId "12558486"]
[BlackFideId "4127897"]
[EventDate "2025.06.03"]

1. Nf3 g6 2. g3 Bg7 3. c4 e5 4. Bg2 d6 5. O-O f5 6. Nc3 Nf6 7. d3 O-O 8. Rb1 Kh8
9. b4 c6 10. b5 Be6 11. a4 Bg8 12. Ba3 Re8 13. bxc6 bxc6 14. Rb7 e4 15. dxe4
Nxe4 16. Nxe4 fxe4 17. Rxg7 Kxg7 18. Bb2+ Kf8 19. Qd4 Qe7 20. Ng5 d5 21. f3 e3
22. cxd5 Bxd5 23. Qh8+ Bg8 24. f4 Nd7 25. f5 gxf5 26. Rxf5+ 1-0

[Event "Titled Tue 3rd Jun Early"]
[Site "chess.com INT"]
[Date "2025.06.03"]
[Round "3"]
[White "Mitrabha, Guha"]
[Black "Krishna, C R G"]
[Result "1-0"]
[WhiteTitle "GM"]
[BlackTitle "IM"]
[WhiteElo "2515"]
[BlackElo "2453"]
[WhiteFideId "5057000"]
[BlackFideId "5018625"]
[EventDate "2025.06.03"]

1. d4 d5 2. c4 e6 3. cxd5 exd5 4. Nc3 Nf6 5. Bg5 c6 6. e3 Be7 7. Bd3 h6 8. Bh4
O-O 9. Qc2 Ne8 10. Bg3 Bd6 11. Nf3 Bxg3 12. hxg3 Nd6 13. Ne5 a5 14. f4 Na6 15.
a3 Be6 16. g4 f5 17. g5 hxg5 18. g4 Nf7 19. gxf5 Nxe5 20. fxe5 1-0

[Event "Titled Tue 3rd Jun Early"]
[Site "chess.com INT"]
[Date "2025.06.03"]
[Round "3"]
[White "Mata Gonzalez, Jose Fernando"]
[Black "Laddha, Yash Jayesh"]
[Result "1-0"]
[WhiteTitle "CM"]
[BlackTitle "CM"]
[WhiteElo "2164"]
[BlackElo "2053"]
[WhiteFideId "5107423"]
[BlackFideId "30942780"]
[EventDate "2025.06.03"]

1. e4 e5 2. Nf3 Nc6 3. Bc4 Nf6 4. Kf1 Bc5 5. d3 d6 6. h4 Be6 7. Bxe6 fxe6 8. Nc3
Qd7 9. Be3 Bxe3 10. fxe3 Ng4 11. Ke2 O-O 12. Rh3 d5 13. Rg3 h5 14. exd5 exd5 15.
e4 dxe4 16. Nxe4 Nd4+ 17. Nxd4 Qxd4 18. c3 Qb6 19. Qb3+ Qxb3 20. axb3 Rf4 21.
Rf3 Raf8 22. Rxa7 Rxf3 23. gxf3 Nh2 24. Ng5 Rf4 25. Ra8+ Rf8 26. Rxf8+ Kxf8 27.
Kf2 1-0

[Event "Titled Tue 3rd Jun Early"]
[Site "chess.com INT"]
[Date "2025.06.03"]
[Round "3"]
[White "Zieba, Hubert"]
[Black "Matskevich, Varvara"]
[Result "1-0"]
[WhiteTitle "CM"]
[BlackTitle "WFM"]
[WhiteElo "2233"]
[BlackElo "1988"]
[WhiteFideId "21844704"]
[BlackFideId "13523465"]
[EventDate "2025.06.03"]

1. d4 Nf6 2. c4 d6 3. Nf3 Nbd7 4. Nc3 c6 5. g3 e5 6. Bg2 Be7 7. e4 O-O 8. O-O
Qc7 9. h3 Rd8 10. Re1 Nf8 11. Be3 Ng6 12. Qc2 h6 13. Rad1 a6 14. Na4 b5 15. dxe5
dxe5 16. Bb6 Rxd1 17. Bxc7 Rxe1+ 18. Nxe1 bxa4 19. Qxa4 Bd7 20. Nd3 c5 21. Qa5
Bc6 22. Nxe5 Nxe5 23. Bxe5 Nxe4 24. Qc7 1-0

[Event "Titled Tue 3rd Jun Early"]
[Site "chess.com INT"]
[Date "2025.06.03"]
[Round "3"]
[White "Rodriguez, Santiago"]
[Black "Mahdavi, Reza"]
[Result "0-1"]
[WhiteTitle "CM"]
[BlackTitle "IM"]
[WhiteElo "2252"]
[BlackElo "2445"]
[WhiteFideId "3000591"]
[BlackFideId "12595926"]
[EventDate "2025.06.03"]

1. d4 Nf6 2. Bg5 g6 3. Bxf6 exf6 4. e3 Bg7 5. c4 O-O 6. Nc3 f5 7. g3 c6 8. Bg2
d6 9. Nge2 Nd7 10. b4 Nb6 11. Qd3 Be6 12. d5 cxd5 13. cxd5 Bd7 14. a4 Rc8 15.
O-O Qc7 16. Rac1 Qc4 17. Qxc4 Rxc4 18. a5 Na8 19. b5 Rfc8 20. Na2 Bxb5 0-1

[Event "Titled Tue 3rd Jun Early"]
[Site "chess.com INT"]
[Date "2025.06.03"]
[Round "3"]
[White "Reshetnikov, Alexey"]
[Black "Bratovic, Blaz"]
[Result "1-0"]
[WhiteTitle "IM"]
[BlackTitle "IM"]
[WhiteElo "2492"]
[BlackElo "2319"]
[WhiteFideId "4162080"]
[BlackFideId "14603551"]
[EventDate "2025.06.03"]

1. d4 f5 2. Bf4 Nf6 3. e3 e6 4. h3 d6 5. Nf3 g6 6. c4 Bg7 7. Nc3 O-O 8. Be2 b6
9. O-O Bb7 10. Rc1 Nbd7 11. Bh2 Qe7 12. d5 e5 13. Ng5 Nc5 14. b4 h6 15. Nf3 Ncd7
16. Nd2 g5 17. Nb3 f4 18. e4 h5 19. c5 bxc5 20. bxc5 Nxc5 21. Nxc5 dxc5 22. Qb3
Bc8 23. d6+ Qe6 24. Bc4 1-0

[Event "Titled Tue 3rd Jun Early"]
[Site "chess.com INT"]
[Date "2025.06.03"]
[Round "3"]
[White "Andrews, Todd"]
[Black "Toth, Christian Endre"]
[Result "1-0"]
[WhiteTitle "FM"]
[BlackTitle "IM"]
[WhiteElo "2097"]
[BlackElo "2354"]
[WhiteFideId "2012456"]
[BlackFideId "2100339"]
[EventDate "2025.06.03"]

1. d4 d5 2. Nf3 c5 3. e3 e6 4. Bd3 Nc6 5. O-O c4 6. Be2 b5 7. b3 Bb7 8. a4 a6 9.
Bb2 Nf6 10. axb5 axb5 11. Rxa8 Qxa8 12. bxc4 bxc4 13. Nc3 Bd6 14. Nb5 Bb8 15.
Ba3 Qa4 16. Qb1 Kd7 17. Bc5 Ne4 18. Qb2 Ba6 19. Nc3 Nxc3 20. Qxc3 Bd6 21. Ra1
Qb5 22. Bxd6 Kxd6 23. Qa3+ 1-0

[Event "Titled Tue 3rd Jun Early"]
[Site "chess.com INT"]
[Date "2025.06.03"]
[Round "3"]
[White "Khromkin, Andrey"]
[Black "Joseph Benher, Savio"]
[Result "1-0"]
[WhiteTitle "FM"]
[WhiteElo "2191"]
[BlackElo "2115"]
[WhiteFideId "4154126"]
[BlackFideId "2629453"]
[EventDate "2025.06.03"]

1. d4 Nf6 2. c4 e6 3. Nf3 Bb4+ 4. Bd2 a5 5. g3 b6 6. Bg2 Bb7 7. O-O O-O 8. Bc1
d5 9. Ne5 Nbd7 10. a3 Bd6 11. Nxd7 Qxd7 12. Nc3 c6 13. Bg5 dxc4 14. Bxf6 gxf6
15. e4 Kh8 16. Qh5 Rg8 17. e5 Bf8 18. Ne4 Qxd4 19. Nxf6 Rg7 20. Rad1 Qxb2 21.
Rd7 Rb8 22. Be4 Qxa3 23. Nxh7 1-0

[Event "Titled Tue 3rd Jun Early"]
[Site "chess.com INT"]
[Date "2025.06.03"]
[Round "3"]
[White "Safin Safarullakhan"]
[Black "Miserendino, Alfredo"]
[Result "1-0"]
[WhiteTitle "CM"]
[WhiteElo "2109"]
[BlackElo "2032"]
[WhiteFideId "33379475"]
[BlackFideId "101800"]
[EventDate "2025.06.03"]

1. e4 c5 2. Nf3 d6 3. d4 cxd4 4. Nxd4 Nf6 5. Nc3 g6 6. Be2 Bg7 7. Be3 Nc6 8. f3
O-O 9. Qd2 Bd7 10. O-O-O Rc8 11. g4 h5 12. gxh5 Nxh5 13. f4 b5 14. Bxh5 gxh5 15.
Rhg1 Kh7 16. Qe2 Bg4 17. Rxg4 hxg4 18. Qxg4 Nxd4 19. Bxd4 Bh6 20. Qf5+ Kg8 21.
Rg1+ 1-0

[Event "Titled Tue 3rd Jun Early"]
[Site "chess.com INT"]
[Date "2025.06.03"]
[Round "3"]
[White "Sobek, Jaroslav"]
[Black "Murawski, Jan"]
[Result "0-1"]
[WhiteTitle "FM"]
[BlackTitle "CM"]
[WhiteElo "2195"]
[BlackElo "2191"]
[WhiteFideId "301388"]
[BlackFideId "21009287"]
[EventDate "2025.06.03"]

1. d4 Nf6 2. c4 a6 3. Nc3 b5 4. cxb5 axb5 5. Nxb5 e5 6. dxe5 Ne4 7. Nc3 Bb4 8.
Qd4 Ra4 9. Bd2 Bxc3 10. Qxa4 Bxd2+ 11. Kd1 Nxf2+ 12. Kxd2 Nxh1 13. Nf3 O-O 14.
Qd4 d6 15. exd6 Nc6 16. Qg1 Qxd6+ 17. Kc1 Rd8 0-1

[Event "Titled Tue 3rd Jun Early"]
[Site "chess.com INT"]
[Date "2025.06.03"]
[Round "3"]
[White "Kvaloy, Aksel Bu"]
[Black "Shymanskyi, Oleksandr"]
[Result "0-1"]
[WhiteTitle "IM"]
[BlackTitle "FM"]
[WhiteElo "2479"]
[BlackElo "2218"]
[WhiteFideId "1528815"]
[BlackFideId "14168880"]
[EventDate "2025.06.03"]

1. e4 c5 2. Nf3 e6 3. d4 cxd4 4. Nxd4 Nc6 5. Nc3 Bc5 6. Be3 Qb6 7. Na4 Qa5+ 8.
c3 Bxd4 9. Bxd4 Nxd4 10. Qxd4 e5 11. Qd1 Nf6 12. Bd3 d6 13. b4 Qc7 14. O-O Bd7
15. Qb3 O-O 16. Nb2 Be6 17. c4 b5 18. Rac1 Qb7 19. Rfe1 Rfc8 20. f3 Rab8 21. a3
a5 22. bxa5 Qa7+ 23. Kf1 bxc4 24. Qa4 Rxb2 25. Be2 c3 26. a6 Bc4 27. Rxc3 Bxe2+
28. Rxe2 Rb1+ 29. Re1 Rxe1+ 30. Kxe1 0-1

[Event "Titled Tue 3rd Jun Early"]
[Site "chess.com INT"]
[Date "2025.06.03"]
[Round "3"]
[White "Hansen, Sune Berg"]
[Black "Sarana, Alexey"]
[Result "0-1"]
[WhiteTitle "GM"]
[BlackTitle "GM"]
[WhiteElo "2503"]
[BlackElo "2686"]
[WhiteFideId "1400266"]
[BlackFideId "24133795"]
[EventDate "2025.06.03"]

1. e4 c5 2. d4 cxd4 3. Qxd4 Nc6 4. Qd3 Nf6 5. Nc3 g6 6. Nf3 Bg7 7. Be2 O-O 8.
O-O d6 9. Nd5 Nd7 10. c3 Nc5 11. Qc2 e6 12. Ne3 f5 13. exf5 gxf5 14. Rd1 b6 15.
Nf1 Bb7 16. Ng3 Qe7 17. Nh5 Kh8 18. Bg5 Qf7 19. Nxg7 Qxg7 20. Qc1 Rg8 21. g3 Ne4
22. Bh6 Qf6 23. Be3 e5 24. Qc2 Ne7 25. Nd2 Nxd2 26. Bxd2 f4 27. Be1 Raf8 28. Qa4
Nf5 29. Qxa7 Rg7 30. Qxb6 Rfg8 31. Rd3 e4 32. Rd4 fxg3 33. hxg3 Nxg3 0-1

[Event "Titled Tue 3rd Jun Early"]
[Site "chess.com INT"]
[Date "2025.06.03"]
[Round "3"]
[White "Sovetbekova, Nurai"]
[Black "Lloret Ramis, Juan Jose"]
[Result "1-0"]
[WhiteTitle "WFM"]
[BlackTitle "FM"]
[WhiteElo "2007"]
[BlackElo "2019"]
[WhiteFideId "13801910"]
[BlackFideId "2204053"]
[EventDate "2025.06.03"]

1. d4 d5 2. Nf3 e6 3. c4 Nf6 4. Nc3 c5 5. cxd5 Nxd5 6. e4 Nxc3 7. bxc3 cxd4 8.
cxd4 Bb4+ 9. Bd2 Bxd2+ 10. Qxd2 O-O 11. Be2 b6 12. O-O Bb7 13. Qe3 Nd7 14. Rfd1
Nf6 15. Bd3 Rc8 16. e5 Bxf3 17. exf6 Bxd1 18. fxg7 Kxg7 19. Rxd1 Qf6 20. d5 exd5
21. Qh3 h6 22. Qh5 Rfe8 23. g3 Re5 24. Qg4+ 1-0

[Event "Titled Tue 3rd Jun Early"]
[Site "chess.com INT"]
[Date "2025.06.03"]
[Round "3"]
[White "Piddubna, Bozhena"]
[Black "Drygalov, Sergey"]
[Result "0-1"]
[WhiteTitle "WFM"]
[BlackTitle "GM"]
[WhiteElo "2174"]
[BlackElo "2560"]
[WhiteFideId "34109293"]
[BlackFideId "24171743"]
[EventDate "2025.06.03"]

1. d4 Nf6 2. c4 e6 3. Nf3 d5 4. g3 dxc4 5. Bg2 a6 6. a4 Nc6 7. O-O Rb8 8. a5 Bb4
9. Bd2 Bxd2 10. Qxd2 b5 11. axb6 cxb6 12. Ne5 Nxe5 13. dxe5 Nd7 14. Qd6 Qe7 15.
Nd2 Qxd6 16. exd6 b5 17. e4 Rb6 18. Rac1 Rxd6 19. Nxc4 bxc4 20. Rxc4 Nb6 21. Rc7
O-O 22. e5 Rd2 23. Rfc1 Rxb2 24. Bb7 Bxb7 25. Rxb7 Nc4 26. Ra7 Nxe5 27. Rxa6 g6
28. Ra5 Nd3 29. Rf1 Rc8 30. Ra3 Rd2 31. Rb3 Rcc2 32. Rb8+ Kg7 33. Rd8 Rxf2 34.
Rxf2 Nxf2 0-1

[Event "Titled Tue 3rd Jun Early"]
[Site "chess.com INT"]
[Date "2025.06.03"]
[Round "3"]
[White "Beerdsen, Thomas"]
[Black "Karvatskyi, Oleksii"]
[Result "1-0"]
[WhiteTitle "GM"]
[BlackTitle "CM"]
[WhiteElo "2535"]
[BlackElo "2248"]
[WhiteFideId "1030108"]
[BlackFideId "14191059"]
[EventDate "2025.06.03"]

1. e4 c5 2. Nf3 d6 3. d4 cxd4 4. Nxd4 Nf6 5. Nc3 g6 6. h3 Bg7 7. Nf3 O-O 8. Bc4
a6 9. O-O b5 10. Bb3 b4 11. Nd5 Nxe4 12. Re1 Nc5 13. Nxe7+ Kh8 14. Bg5 f6 15.
Bf4 Bb7 16. Nh4 Nxb3 17. axb3 g5 18. Nhf5 Nc6 19. Bxd6 Nxe7 20. Rxe7 Qc8 21.
Rxg7 Qxf5 22. Bxf8 Bxg2 23. Kxg2 Rxf8 24. Re7 1-0

[Event "Titled Tue 3rd Jun Early"]
[Site "chess.com INT"]
[Date "2025.06.03"]
[Round "3"]
[White "Grot, Blazej"]
[Black "Behzad Nazif, Parva"]
[Result "1-0"]
[WhiteTitle "CM"]
[BlackTitle "WIM"]
[WhiteElo "2217"]
[BlackElo "2090"]
[WhiteFideId "21835845"]
[BlackFideId "12563790"]
[EventDate "2025.06.03"]

1. d4 Nf6 2. c4 g6 3. Nc3 Bg7 4. e4 d6 5. Be2 O-O 6. h4 h5 7. Nf3 c5 8. d5 e6 9.
O-O exd5 10. exd5 Re8 11. Bg5 Bf5 12. Bd3 Bxd3 13. Qxd3 Na6 14. a3 Nc7 15. Rae1
Qd7 16. b4 b6 17. Nd2 Ng4 18. Nce4 Ne5 19. Qb3 a5 20. b5 Qf5 21. Nxd6 Qg4 22.
Nxe8 Rxe8 23. Qg3 Qd4 24. Nf3 Nxf3+ 25. gxf3 Be5 26. Rxe5 Rxe5 27. Bf6 Ne8 28.
Bxe5 Qxc4 29. d6 Qe6 30. Rd1 f6 31. d7 1-0

[Event "Titled Tue 3rd Jun Early"]
[Site "chess.com INT"]
[Date "2025.06.03"]
[Round "3"]
[White "Ugarte Soto, Cesar"]
[Black "Fikiet, Alex"]
[Result "1-0"]
[WhiteTitle "CM"]
[WhiteElo "2088"]
[BlackElo "2151"]
[WhiteFideId "3601331"]
[BlackFideId "2052717"]
[EventDate "2025.06.03"]

1. d4 Nf6 2. Bf4 d5 3. e3 e6 4. Nf3 c5 5. c3 Bd6 6. Bg3 Qc7 7. Ne5 Ne4 8. f4 Nd7
9. Nd2 Ndf6 10. Bh4 Nxd2 11. Qxd2 Ne4 12. Qd1 f6 13. Bb5+ Kf8 14. O-O a6 15. Bd3
b5 16. Qh5 Bb7 17. Ng6+ hxg6 18. Qxh8+ Kf7 19. Qh7 c4 20. Bxe4 dxe4 21. Bg3 Bd5
22. Qh4 a5 23. a3 Rb8 24. Qg4 b4 25. axb4 axb4 26. h4 f5 27. Qe2 bxc3 28. bxc3
Rb3 29. Rac1 Ba3 30. Rc2 Qb7 31. h5 Bb2 32. hxg6+ Kxg6 33. Be1 Kf7 34. g4 g6 35.
Qh2 Kg7 36. g5 Kg8 37. Rff2 Qh7 38. Rxb2 1-0

[Event "Titled Tue 3rd Jun Early"]
[Site "chess.com INT"]
[Date "2025.06.03"]
[Round "3"]
[White "Newansa, M Esandi"]
[Black "Makaraci, Tunahan"]
[Result "0-1"]
[WhiteTitle "WCM"]
[BlackTitle "FM"]
[WhiteElo "1947"]
[BlackElo "2233"]
[WhiteFideId "9999060"]
[BlackFideId "6356559"]
[EventDate "2025.06.03"]

1. d4 d5 2. Bf4 c5 3. e3 cxd4 4. exd4 Nc6 5. c3 Bf5 6. Nd2 e6 7. Qb3 Qd7 8. Ngf3
f6 9. h4 Kf7 10. Bb5 a6 11. Be2 b5 12. a4 Na5 13. Qd1 b4 14. Nh2 h6 15. g4 Bh7
16. g5 Bd6 17. Bxd6 Qxd6 18. Nhf3 Ne7 19. Nb3 Nxb3 20. Qxb3 Rab8 21. c4 dxc4 22.
Bxc4 Be4 23. O-O-O Rhc8 24. Rh3 Rxc4+ 25. Qxc4 Rc8 26. Qxc8 Nxc8 27. Ne1 Qf4+
28. Rd2 Nd6 29. gxh6 Nc4 0-1

[Event "Titled Tue 3rd Jun Early"]
[Site "chess.com INT"]
[Date "2025.06.03"]
[Round "3"]
[White "Swara Lakshmi S Nair"]
[Black "Gutierrez Carmona, Juan Alejandro"]
[Result "0-1"]
[WhiteTitle "WCM"]
[BlackTitle "FM"]
[WhiteElo "2178"]
[BlackElo "2036"]
[WhiteFideId "25629239"]
[BlackFideId "5106770"]
[EventDate "2025.06.03"]

1. e4 e5 2. Nf3 Nc6 3. Bb5 a6 4. Ba4 Nf6 5. O-O b5 6. Bb3 Bc5 7. c3 Bb6 8. a4
Rb8 9. d4 d6 10. h3 O-O 11. Re1 h6 12. Nbd2 exd4 13. axb5 axb5 14. cxd4 Nxd4 15.
Nxd4 Bxd4 16. Nf3 Bb6 17. Bf4 Bb7 18. Qd3 Re8 19. e5 dxe5 20. Qxd8 Rbxd8 21.
Nxe5 Bd5 22. Bxd5 Rxd5 23. Bg3 Rd2 24. Rab1 Nh5 25. Nf3 Rxe1+ 26. Rxe1 Rxb2 27.
Be5 Bxf2+ 28. Kf1 Ng3+ 29. Bxg3 Bxg3 30. Re8+ Kh7 31. Nd4 c5 32. Nf5 Rf2+ 0-1

[Event "Titled Tue 3rd Jun Early"]
[Site "chess.com INT"]
[Date "2025.06.03"]
[Round "3"]
[White "Jia, Haoxiang"]
[Black "Dreelinck, Jacob"]
[Result "1-0"]
[WhiteTitle "IM"]
[BlackTitle "FM"]
[WhiteElo "2316"]
[BlackElo "2262"]
[WhiteFideId "8602999"]
[BlackFideId "250511"]
[EventDate "2025.06.03"]

1. Nf3 d5 2. g3 Nf6 3. Bg2 c5 4. O-O e6 5. d3 Nc6 6. Nbd2 Be7 7. e4 O-O 8. c3 b5
9. Re1 a5 10. e5 Ne8 11. Nf1 b4 12. h4 a4 13. a3 bxc3 14. bxc3 Ba6 15. N1h2 Na5
16. Bf4 Nb3 17. Ra2 Nc7 18. Ng5 Nb5 19. Qh5 h6 20. Ng4 hxg5 21. hxg5 Nxc3 22.
Nf6+ gxf6 23. gxf6 Bxf6 24. exf6 Qxf6 25. Be5 Qg6 26. Qh8# 1-0

[Event "Titled Tue 3rd Jun Early"]
[Site "chess.com INT"]
[Date "2025.06.03"]
[Round "3"]
[White "Lopez Abreu, Michel Samuel"]
[Black "Osmak, Yuliia"]
[Result "0-1"]
[WhiteTitle "FM"]
[BlackTitle "IM"]
[WhiteElo "2038"]
[BlackElo "2471"]
[WhiteFideId "3927903"]
[BlackFideId "14101602"]
[EventDate "2025.06.03"]

1. e4 g6 2. d4 Bg7 3. Nf3 d6 4. c3 Nc6 5. Bd3 e5 6. d5 Nce7 7. Nfd2 h6 8. O-O f5
9. f4 exf4 10. exf5 Bxf5 11. Bxf5 Nxf5 12. Qe2+ Qe7 13. Qxe7+ Ngxe7 14. Rxf4
Nxd5 15. Re4+ Kd7 16. Nf3 Rae8 17. Rxe8 Rxe8 18. Na3 Re2 19. Nc4 b5 20. Na5 Nxc3
21. bxc3 Bxc3 22. Nb3 Bxa1 23. Nxa1 Rxa2 24. Nb3 a5 25. g4 a4 26. gxf5 gxf5 27.
Nbd4 Ra1 28. Ne2 b4 29. Kf2 c5 30. Nd2 d5 31. Bb2 Ra2 32. Be5 Rxd2 0-1

[Event "Titled Tue 3rd Jun Early"]
[Site "chess.com INT"]
[Date "2025.06.03"]
[Round "3"]
[White "Alonso Rosell, Alvar"]
[Black "Thorhallsson, Simon"]
[Result "1-0"]
[WhiteTitle "GM"]
[BlackTitle "FM"]
[WhiteElo "2550"]
[BlackElo "2218"]
[WhiteFideId "2270544"]
[BlackFideId "2310090"]
[EventDate "2025.06.03"]

1. d4 g6 2. c4 Bg7 3. Nf3 d6 4. g3 c6 5. Bg2 Bf5 6. O-O Qd7 7. Nc3 Bh3 8. e4 h5
9. e5 h4 10. Bxh3 Qxh3 11. Ng5 Qf5 12. g4 Qd7 13. e6 fxe6 14. Qd3 e5 15. Qxg6+
Kd8 16. Nf7+ Kc7 17. Nxh8 Bxh8 18. Qxg8 Na6 19. Qg6 exd4 20. Ne4 h3 21. Bf4 Rf8
22. Bg3 Qd8 23. c5 Rg8 24. cxd6+ Kb6 25. dxe7 Qd5 26. Qf5 Re8 27. Qxd5 cxd5 28.
Nd6 Rxe7 29. Nc8+ 1-0

[Event "Titled Tue 3rd Jun Early"]
[Site "chess.com INT"]
[Date "2025.06.03"]
[Round "3"]
[White "Silva, Pedro Gil Ferreira Da"]
[Black "Sickmann, Lisa"]
[Result "1-0"]
[WhiteTitle "FM"]
[BlackTitle "WFM"]
[WhiteElo "2262"]
[BlackElo "1970"]
[WhiteFideId "1946102"]
[BlackFideId "16267818"]
[EventDate "2025.06.03"]

1. e4 e5 2. Nf3 Nc6 3. Bb5 a6 4. Ba4 Nf6 5. O-O Nxe4 6. d4 b5 7. Bb3 d5 8. dxe5
Be6 9. c3 Bc5 10. Nbd2 O-O 11. Bc2 Nxf2 12. Rxf2 f6 13. Nf1 Bxf2+ 14. Kxf2 fxe5
15. Kg1 Qd7 16. Ng5 Bf5 17. a4 b4 18. Bxf5 Rxf5 19. Ne3 Rxg5 20. Nxd5 Rg6 21.
Nf6+ Rxf6 22. Qxd7 Rd8 23. Qg4 bxc3 24. bxc3 Rg6 25. Qc4+ Kh8 26. Be3 a5 27. Rf1
h6 28. Qf7 Rgd6 29. Qxc7 R8d7 30. Rf8+ Kh7 31. Qb6 Nd4 32. Qb1+ 1-0

[Event "Titled Tue 3rd Jun Early"]
[Site "chess.com INT"]
[Date "2025.06.03"]
[Round "3"]
[White "Mizzi, Jack"]
[Black "Saydaliev, Saidakbar"]
[Result "0-1"]
[WhiteTitle "CM"]
[BlackTitle "IM"]
[WhiteElo "2086"]
[BlackElo "2460"]
[WhiteFideId "5602521"]
[BlackFideId "14203693"]
[EventDate "2025.06.03"]

1. d4 Nf6 2. c4 e6 3. Nf3 d5 4. g3 Bb4+ 5. Bd2 Be7 6. b3 O-O 7. Bg2 c6 8. O-O a5
9. Nc3 Nbd7 10. Qc2 b6 11. Rac1 Ba6 12. cxd5 cxd5 13. Rfe1 Rc8 14. Qb2 Nb8 15.
Ne5 Bd6 16. Na4 Rxc1 17. Bxc1 Nfd7 18. Bf4 Nxe5 19. Bxe5 Bxe5 20. dxe5 Nc6 21.
Rc1 Bb7 22. e3 Ba8 23. Bf1 d4 24. f4 dxe3 25. Nc3 Nd4 26. Be2 Qd7 27. Bd3 Nf3+ 0-1

[Event "Titled Tue 3rd Jun Early"]
[Site "chess.com INT"]
[Date "2025.06.03"]
[Round "3"]
[White "Gavarrete, Nahun"]
[Black "Zaw, Ye Htut"]
[Result "0-1"]
[WhiteTitle "FM"]
[BlackTitle "CM"]
[WhiteElo "2281"]
[BlackElo "2180"]
[WhiteFideId "8400709"]
[BlackFideId "13013955"]
[EventDate "2025.06.03"]

1. e4 d5 2. exd5 Qxd5 3. Nc3 Qa5 4. Nf3 Nf6 5. Be2 Nc6 6. d4 Bg4 7. Be3 O-O-O 8.
O-O e5 9. Ng5 Bxe2 10. Nxe2 exd4 11. Nxf7 dxe3 12. Nxd8 Nxd8 13. fxe3 Bc5 14.
Nd4 Re8 15. Qf3 Qb6 16. Rfd1 Nc6 17. Nxc6 Qxc6 18. Qxc6 bxc6 19. Re1 Ng4 20. Kh1
Nf2+ 21. Kg1 Ng4 22. Kh1 Nxe3 23. Re2 Rd8 24. Rae1 Ng4 25. h3 Nf6 26. Kh2 Kb7
27. Re6 Rd2 28. R6e2 Bd6+ 29. Kg1 Rd5 30. Rd2 Rxd2 31. Rf1 Ne4 32. Kh1 Ng3+ 33.
Kg1 Bc5+ 0-1

[Event "Titled Tue 3rd Jun Early"]
[Site "chess.com INT"]
[Date "2025.06.03"]
[Round "3"]
[White "Yevchenko, Oleksandr"]
[Black "Rentsen, Erdenetulga"]
[Result "0-1"]
[WhiteTitle "CM"]
[WhiteElo "2276"]
[BlackElo "2182"]
[WhiteFideId "14108267"]
[BlackFideId "4901320"]
[EventDate "2025.06.03"]

1. c4 c6 2. e4 d5 3. exd5 cxd5 4. cxd5 Nf6 5. Qa4+ Nbd7 6. Nc3 g6 7. Bc4 Bg7 8.
d3 O-O 9. Nf3 a6 10. Qa3 b6 11. O-O Bb7 12. Re1 Re8 13. Be3 b5 14. Bb3 Nb6 15.
Bxb6 Qxb6 16. Qb4 Bf8 17. Na4 Qd8 18. Nc5 Bxd5 19. Bxd5 Qxd5 20. Qe4 Nxe4 21.
dxe4 Qxc5 0-1